zpět

Detail výsledku týmu

Eden, Heřmanův Městec

Datum a čas kvízu

19 Celkem bodů Celkový počet nahraných bodů na tomto kvízu bez doplňovacích otázek.
9. Pořadí na kvízu Konečné umístění týmu na tomto kvízu.

Zaznamenané odpovědi

# Otázka Odpověď Body Výsledky
1. Od minulého čtvrtka až do 23.... Kosmova kronika 0
2. Polák Andrzej Bargiel je po ce... Mount Everest 1
3. Minulý týden proběhl v Brně me... Straka 0
4. Na jedné technické univerzitě... Ostrava 0
5. Dvěma pilotům formule 1 se min... Carlos Sainz; Charles Leclerc 0
6. Gesto, které vidíme na obrázku... 1A 2D 3B 4C 0
7. Které z uvedených gest má na B... B 1
8. Sheldon Cooper v Teorii velkéh... Spocka a tapíra (ještěra) 1
9. Která dvě písmena české dvouru... B, N 0
10. Na výřezu z obrazu francouzské... paroháč (že je mu žena nevěrná) 1